000 00775nam a2200205 a 4500
001 000589549
003 AM-YEHGA
005 20250811114221.0
008 080704s1958 ru |||||||||||||||||rus|d
040 _aAM-YEHGA
041 0 _arus
100 1 _aАрунова, Марианна Рубеновна
245 1 0 _aГосударство Надир-Шаха Афшара :
_bОчерки общественных отношений в Иране 30-40-х годов XVIII века /
_cМ.Р. Арунова, К.З. Ашрафян.
260 _aМосква :
_bИзд-во вост. лит,
_c1958.
300 _a284 с.
650 1 4 _aАзия
650 1 4 _aИстория Ирана
700 1 _aАшрафян, Клара Зармайровна
942 _2udc
_cBK
999 _c391345
_d391345